000 00335nam a2200145Ia 4500
008 230718s9999 xx 000 0 und d
041 _aEng.
082 _a344.5
_bABI-P
100 _aAbid S.A (BARE ACT)
245 0 _apolice order 2002
260 _aPakistan
_bPunjab law book
_c2012
300 _a187
650 _aLaw
999 _c30460
_d30460